Mascotes da Copa do Mundo - Statistics

Estatísticas Gerais
  • Esse quiz foi jogado 107 vezes
  • A pontuação média é 6 de 15
Estatísticas das Respostas
Ano País Resposta % Correto
2014 Brasil Fuleco
89%
2022 Qatar La'eeb
65%
2018 Rússia Zabivaka
60%
2010 África do Sul Zakumi
41%
1982 Espanha Naranjito
40%
1990 Itália Ciao
38%
1978 Argentina Gauchito
37%
1974 Alemanha Ocidental/Oriental Tip e Tap
37%
1998 França Footix
33%
2002 Coréia do Sul/Japão Kaz, Ato e Nik
32%
2006 Alemanha Goleo VI
31%
1994 Estados Unidos Striker
31%
1986 México Pique
27%
1970 México Juanito Maravilla
11%
1966 Inglaterra World Cup Willie
10%
Nenhum quiz correspondente encontrado
Distribuição das Pontuações
Porcentagem de Pessoas com Cada Pontuação
Percentil de Números Respondidos
Sua Pontuação Histórica
Você não jogou esse quiz